La sorpresa de Nandi / (Registro nro. 2283)

Detalles MARC
000 -CABECERA
Longitud fija campo de control 00946nam a2200301 a 4500
003 - • IDENTIFICADOR DELl NÚMERO DE CONTROL
Identificador del número de control CO-ViMGA
008 - • CÓDIGOS DE INFORMACIÓN DE LONGITUD FIJA
Códigos de información de longitud fija 141112s2004 ck r 000 u spa d
020 ## - • NÚMERO INTERNACIONAL NORMALIZADO PARA LIBROS
Número Internacional Normalizado para Libros (ISBN) 9789588445243
040 ## - FUENTE DE LA CATALOGACIÓN
Centro catalogador de origen CO-ViMGA
Lengua de catalogación spa
Centro transcriptor CO-ViMGA
041 ## - • CÓDIGO DE LENGUA
Código de lengua del texto/banda sonora o título independiente SPA
100 1# - • PUNTO DE ACCESO PRINCIPAL-NOMBRE DE PERSONA
Nombre de persona Browne, Eileen
245 10 - • TITULO PROPIAMENTE DICHO
Título La sorpresa de Nandi /
Mención de responsabilidad, etc. Eileen Browne ; traducido por María Cecilia Silva - Díaz
250 ## - • MENCIÓN DE EDICIÓN
Mención de edición 1a ed.
300 ## - • DESCRIPCIÓN FÍSICA
Extensión 28 p. : il. col. : il.
490 ## - • MENCIÓN DE SERIE
Mención de serie Ponte poronte
500 ## - • NOTA GENERAL
Nota general Título original : Handa's surprise
650 14 - • PUNTO DE ACCESO ADICIONAL DE MATERIA - TÉRMINO DE MATERIA
Término de materia o nombre geográfico como elemento inicial AMISTAD - LIBROS DE IMAGENES
650 14 - • PUNTO DE ACCESO ADICIONAL DE MATERIA - TÉRMINO DE MATERIA
Término de materia o nombre geográfico como elemento inicial ILUSTRADORES INGLESES
650 14 - • PUNTO DE ACCESO ADICIONAL DE MATERIA - TÉRMINO DE MATERIA
Término de materia o nombre geográfico como elemento inicial LEER ES MI CUENTO - COLECCION 2011
650 14 - • PUNTO DE ACCESO ADICIONAL DE MATERIA - TÉRMINO DE MATERIA
Término de materia o nombre geográfico como elemento inicial LIBROS DE IMAGENES
650 14 - • PUNTO DE ACCESO ADICIONAL DE MATERIA - TÉRMINO DE MATERIA
Término de materia o nombre geográfico como elemento inicial LITERATURA
650 14 - • PUNTO DE ACCESO ADICIONAL DE MATERIA - TÉRMINO DE MATERIA
Término de materia o nombre geográfico como elemento inicial NIÑAS - LIBROS DE IMAGENES
700 1# - • PUNTO DE ACCESO ADICIONAL - NOMBRE DE PERSONA
Nombre de persona Silva - Díaz, María Cecilia
942 ## - ENTRADA DE ELEMENTOS AGREGADOS (KOHA)
Fuente de clasificaión o esquema Dewey Decimal Classification
Koha [por defecto] tipo de item LIbro
Existencias
Perdido Fuente de clasificación o esquema Estado Físico No para préstamo Forma de adquisición Localización permanente Localización actual Localización en estanterías Fecha adquisición Préstamos totales Signatura completa Código de barras Fecha última consulta Número de copia Fecha del precio de reemplazo Tipo de item de Koha Serie de enumeración / cronolog&íacute;a Renovaciones totales Fecha último préstamo Note pública
  Dewey Decimal Classification     Infantil Biblioteca Pública Dorado Biblioteca Pública Dorado Sala Infantil 10/27/2023   A BRO6 DOR03139 10/27/2023 Ej.1 10/27/2023 LIbro        
  Dewey Decimal Classification     Colección General Biblioteca Pública José Eustasio Rivera - San Martin Biblioteca Pública José Eustasio Rivera - San Martin Estanteria bebes 07/05/2024   A BRO1 SM02942 07/05/2024 Ej.1 07/05/2024 Libro Infantil        
  Dewey Decimal Classification     Infantil Biblioteca Pública José Eustasio Rivera - San Martin Biblioteca Pública José Eustasio Rivera - San Martin Sala Infantil 02/16/2026   A BRO6 SM04407 02/16/2026 Ej.1 02/16/2026 LIbro        
  Dewey Decimal Classification     Colección General Biblioteca Pública San Carlos de Guaroa - Eduardo Carranza Biblioteca Pública San Carlos de Guaroa - Eduardo Carranza Sala Infantil 02/15/2023   A BRO6 SG00058 02/15/2023 Ej.1 02/15/2023 Libro Infantil        
  Dewey Decimal Classification     Infantil Biblioteca Pública El Castillo - Alfonso Meneses Biblioteca Pública El Castillo - Alfonso Meneses Sala Infantil 09/21/2023   A BRO6 EC01911 09/21/2023 Ej.1 09/21/2023 LIbro        
        Colección Sala Infantil de Literatura Pocatil y Tilín Biblioteca Pública Departamental Eduardo Carranza - Villavicencio Biblioteca Pública Departamental Eduardo Carranza - Villavicencio Sala Infantil 06/07/2012   A BRO6 ECA21145 11/26/2024 Ej.1 11/26/2024 LIbro       15588 | 20318
  Dewey Decimal Classification     Sala Infantil Segundo Piso Biblioteca Pública Germán Arciniegas - Villavicencio Biblioteca Pública Germán Arciniegas - Villavicencio   12/04/2015 4 A BRO6 25143 04/29/2021 Ej. 1 12/04/2015 LIbro 27/jun/2012 3 04/21/2021  
  Dewey Decimal Classification     Infantil Biblioteca Pública Guamal Biblioteca Pública Guamal Sala Infantil 02/13/2023   A BRO6 GUA001119 02/13/2023 Ej.1 02/13/2023 Libro Infantil        
  Dewey Decimal Classification     Infantil Biblioteca Pública La Macarena Biblioteca Pública La Macarena Sala Infantil 06/17/2025   A BRO LM02148 06/17/2025 Ej.1 06/17/2025 LIbro        
  Dewey Decimal Classification     Infantil Biblioteca Pública Mapiripan Biblioteca Pública Mapiripan Sala Infantil 01/25/2024   A BRO MAP00003704 01/25/2024 Ej.1 01/25/2024 LIbro        
  Dewey Decimal Classification     Infantil Biblioteca Pública Mesetas - Franco lodo Poloxi Biblioteca Pública Mesetas - Franco lodo Poloxi Sala Infantil 07/19/2024   C BRO ME0169 07/19/2024 Ej.1 07/19/2024 Libro Infantil        
  Dewey Decimal Classification       Biblioteca Pública Puerto Rico Biblioteca Pública Puerto Rico Sala Infantil 06/14/2023   A BRO PR0000012340 06/14/2023 Ej.1 06/14/2023 Libro Infantil        
  Dewey Decimal Classification     Infantil Biblioteca Pública Rubí Ocampo Gaviria - La Julia - Uribe Biblioteca Pública Rubí Ocampo Gaviria - La Julia - Uribe General 10/02/2025   A BRO JUL0000 10/02/2025 Ej.1 10/02/2025 Libro Infantil        
  Dewey Decimal Classification     Infantil Biblioteca Pública San Juanito - Ernesto Maria Peña Romero Biblioteca Pública San Juanito - Ernesto Maria Peña Romero Sala Infantil 01/18/2024   A BRO6 SJU00097 01/18/2024 Ej.1 01/18/2024 LIbro        
  Dewey Decimal Classification     Infantil Biblioteca Pública Uribe - Reinerio Arenas Biblioteca Pública Uribe - Reinerio Arenas Sala Infantil 07/16/2025   C BRO URI02938 07/16/2025 Ej.1 07/16/2025 Libro Infantil        









Instituto Departamental de Cultura del Meta - Red Departamental de Bibliotecas Públicas del Meta.